[Event "TUR-chT 1st League"]
[Site "Ankara"]
[Date "2025.07.18"]
[Round "6.64"]
[White "Yalcin, Ozgun"]
[Black "Bingul, Muratcan"]
[Result "0-1"]
[WhiteElo "1942"]
[BlackElo "1917"]
[PlyCount "90"]
[EventDate "2025.07.14"]
[EventType "team-swiss"]
[EventRounds "9"]
[EventCountry "TUR"]
[SourceTitle "CB30_2025"]
[SourceDate "2025.07.23"]
[SourceVersion "1"]
[SourceVersionDate "2025.07.23"]
[SourceQuality "1"]
[WhiteTeam "Varyant Genclik"]
[BlackTeam "Istanbul Teknik Uni"]
[WhiteTeamCountry "TUR"]
[BlackTeamCountry "TUR"]

1. c4 e5 2. g3 c5 3. Bg2 Nc6 4. Nc3 d6 5. a3 a5 6. d3 g6 7. e3 Bg7 8. Nge2 Nge7 9. 0-0 0-0 10. Rb1 h6 11. b3 f5 12. Nd5 Nxd5 13. Bxd5+ Kh7 14. Bg2 Be6 15. Nc3 g5 16. Nd5 Ne7 17. Nxe7 Qxe7 18. Bb2 f4 19. Qe2 Rab8 20. Bc3 b6 21. exf4 gxf4 22. b4 axb4 23. axb4 Kg8 24. bxc5 bxc5 25. Rxb8 Rxb8 26. gxf4 exf4 27. Bxg7 Kxg7 28. Re1 Re8 29. Qh5 Qf7 30. Qxf7+ Bxf7 31. Re4 Rxe4 32. Bxe4 Kf6 33. Kf1 Ke5 34. Ke2 Bxc4 35. Bh7 Bd5 36. Kd2 Kd4 37. Bg6 Bf3 38. Bh7 d5 39. Bg6 c4 40. dxc4 dxc4 41. Bh7 c3+ 42. Kc1 Be4 43. Bg8 Kd3 44. h4 Ke2 45. h5 Kxf2 0-1

[Event "TUR-chT 1st League"]
[Site "Ankara"]
[Date "2025.07.14"]
[Round "1.58"]
[White "Duman, Aydin"]
[Black "Yalcin, Ozgun"]
[Result "1/2-1/2"]
[WhiteElo "2113"]
[BlackElo "1942"]
[PlyCount "103"]
[EventDate "2025.07.14"]
[EventType "team-swiss"]
[EventRounds "9"]
[EventCountry "TUR"]
[SourceTitle "CB30_2025"]
[SourceDate "2025.07.23"]
[SourceVersion "1"]
[SourceVersionDate "2025.07.23"]
[SourceQuality "1"]
[WhiteTeam "Samandag Altin"]
[BlackTeam "Varyant Genclik"]
[WhiteTeamCountry "TUR"]
[BlackTeamCountry "TUR"]

1. e4 c5 2. Nf3 e6 3. c4 b6 4. Nc3 Bb7 5. d4 cxd4 6. Nxd4 d6 7. Be2 Nf6 8. f3 Be7 9. 0-0 0-0 10. Be3 a6 11. Qd2 Nbd7 12. Rac1 Rc8 13. Rfd1 Qc7 14. a3 Qb8 15. b4 Rfe8 16. Nb3 h5 17. Na4 Bc6 18. Nb2 Bb7 19. Nd3 Bd8 20. Kh1 h4 21. Bf2 Be7 22. Qe1 d5 23. exd5 exd5 24. c5 h3 25. cxb6 hxg2+ 26. Kxg2 Rxc1 27. Rxc1 d4 28. Bxd4 Bd6 29. Bg1 Bd5 30. Nd4 Nxb6 31. Qh4 Bc4 32. Bf1 Bd5 33. Re1 Nc4 34. Rxe8+ Qxe8 35. Qe1 Qa8 36. Nc5 Ne5 37. Be2 a5 38. Bf2 axb4 39. axb4 Qc8 40. Bg3 Nh5 41. Nb5 Bxc5 42. bxc5 Nxg3 43. hxg3 Qxc5 44. Qf2 Bxf3+ 45. Bxf3 Qxb5 46. Qd4 Qa5 47. Bd5 Qe1 48. Be4 Qe2+ 49. Kg1 Qe1+ 50. Kg2 Qe2+ 51. Kg1 Qe1+ 52. Kg2 1/2-1/2

[Event "TUR-chT 2nd League"]
[Site "Denizli"]
[Date "2024.07.16"]
[Round "2.9"]
[White "Cam, Vedat"]
[Black "Yalcin, Ozgun"]
[Result "1-0"]
[WhiteElo "1900"]
[BlackElo "1932"]
[PlyCount "62"]
[EventDate "2024.07.15"]
[EventType "team-swiss"]
[EventRounds "9"]
[EventCountry "TUR"]
[SourceTitle "EXT 2025"]
[Source "ChessBase"]
[SourceDate "2024.10.14"]
[SourceVersion "1"]
[SourceVersionDate "2024.10.14"]
[SourceQuality "1"]
[WhiteTeam "Bitlis Ihtisas Egitim"]
[BlackTeam "Afyonkarahisar Basari"]
[WhiteTeamCountry "TUR"]
[BlackTeamCountry "TUR"]

1. d4 Nf6 2. c4 e6 3. Nc3 Bb4 4. Qc2 0-0 5. Bg5 c5 6. a3 Bxc3+ 7. bxc3 Nc6 8. Bxf6 Qxf6 9. e3 b6 10. Bd3 h6 11. Nf3 Ba6 12. Rc1 Rfc8 13. 0-0 Na5 14. Qe2 d6 15. Nd2 Qe7 16. d5 exd5 17. cxd5 Bxd3 18. Qxd3 Re8 19. Rce1 Rac8 20. c4 Qf6 21. f4 Rc7 22. Re2 g6 23. a4 Rce7 24. g3 Qf5 25. e4 Qd7 26. Qc2 h5 27. Rfe1 Qg4 28. Kg2 h4 29. Kf2 f6 30. Qc3 Rf7 31. Re3 Ref8 1-0

[Event "TUR-chT 2nd League"]
[Site "Denizli"]
[Date "2024.07.15"]
[Round "1.9"]
[White "Yalcin, Ozgun"]
[Black "Arslan, Erdal"]
[Result "1-0"]
[WhiteElo "1932"]
[BlackElo "1918"]
[PlyCount "43"]
[EventDate "2024.07.15"]
[EventType "team-swiss"]
[EventRounds "9"]
[EventCountry "TUR"]
[SourceTitle "EXT 2025"]
[Source "ChessBase"]
[SourceDate "2024.10.14"]
[SourceVersion "1"]
[SourceVersionDate "2024.10.14"]
[SourceQuality "1"]
[WhiteTeam "Afyonkarahisar Basari"]
[BlackTeam "Mersin Altin Piyon"]
[WhiteTeamCountry "TUR"]
[BlackTeamCountry "TUR"]

1. c4 Nf6 2. g3 g6 3. Bg2 Bg7 4. Nc3 d6 5. e4 c5 6. Nge2 Nc6 7. d3 0-0 8. 0-0 a6 9. a4 Ne8 10. Be3 Nc7 11. d4 cxd4 12. Nxd4 Nxd4 13. Bxd4 Bxd4 14. Qxd4 Ne6 15. Qe3 Kg7 16. Nd5 Bd7 17. a5 Bc6 18. b4 Bxd5 19. exd5 Nc7 20. Rfe1 Re8 21. Qd4+ Kg8 22. Rad1 1-0

[Event "TUR-chT 2nd League"]
[Site "Denizli"]
[Date "2023.07.10"]
[Round "3.92"]
[White "Yarar, Muammer Atakan"]
[Black "Yalcin, Ozgun"]
[Result "1/2-1/2"]
[WhiteElo "1785"]
[BlackElo "1910"]
[PlyCount "39"]
[EventDate "2023.07.09"]
[EventType "team-swiss"]
[EventRounds "9"]
[EventCountry "TUR"]
[SourceTitle "CBM 215 Extra"]
[Source "ChessBase"]
[SourceDate "2023.09.30"]
[SourceVersion "1"]
[SourceVersionDate "2023.09.30"]
[SourceQuality "1"]
[WhiteTeam "Karaman Masterler"]
[BlackTeam "Afyonkarahisar Basari"]
[WhiteTeamCountry "TUR"]
[BlackTeamCountry "TUR"]

1. e4 c5 2. Nf3 e6 3. c3 Nf6 4. e5 Nd5 5. Bc4 d6 6. d4 cxd4 7. cxd4 Be7 8. 0-0 0-0 9. Qe2 Bd7 10. Nc3 Nxc3 11. bxc3 Bc6 12. exd6 Bxd6 13. Ne5 Qc7 14. f4 Nd7 15. Bd3 Rac8 16. Bd2 Rcd8 17. Rfe1 Rc8 18. Rf1 Rcd8 19. Rfe1 Rc8 20. Rf1 1/2-1/2

[Event "TUR Cup										"]
[Site "Antalya"]
[Date "2018.02.01"]
[Round "9"]
[White "Yalcin, Ozgun"]
[Black "Dorum, Doga Can"]
[Result "1/2-1/2"]
[WhiteElo "1879"]
[BlackElo "1591"]
[PlyCount "66"]
[EventDate "2018.01.27"]
[EventType "swiss"]
[EventRounds "11"]
[EventCountry "TUR"]
[SourceTitle "CBM 182 Extra"]
[Source "ChessBase"]
[SourceDate "2018.02.23"]
[SourceVersion "1"]
[SourceVersionDate "2018.02.23"]
[SourceQuality "1"]

1. c4 b6 2. Nc3 Nf6 3. e4 e5 4. Nf3 d6 5. d4 exd4 6. Nxd4 Be7 7. Be2 0-0 8. 0-0 Bb7 9. f3 Nc6 10. Nf5 Re8 11. Bg5 Nd7 12. Nxe7+ Nxe7 13. Qd2 f6 14. Bh4 Nf8 15. f4 Nfg6 16. Bg3 f5 17. Bf3 fxe4 18. Bxe4 Bxe4 19. Nxe4 Kh8 20. Ng5 Kg8 21. f5 Nf8 22. Rae1 h6 23. Rxe7 Qxe7 24. Qd5+ Kh8 25. Nf7+ Kh7 26. f6 Qe4 27. Qb5 Qd4+ 28. Kh1 gxf6 29. Qh5 Kg7 30. Nxh6 Qe4 31. Nf5+ Kg8 32. Nh6+ Kg7 33. Nf5+ Kg8 1/2-1/2

[Event "TUR Cup										"]
[Site "Antalya"]
[Date "2018.01.30"]
[Round "5"]
[White "Yalcin, Ozgun"]
[Black "Sahin, Taha"]
[Result "1/2-1/2"]
[WhiteElo "1879"]
[BlackElo "1558"]
[PlyCount "33"]
[EventDate "2018.01.27"]
[EventType "swiss"]
[EventRounds "11"]
[EventCountry "TUR"]
[SourceTitle "CBM 182 Extra"]
[Source "ChessBase"]
[SourceDate "2018.02.23"]
[SourceVersion "1"]
[SourceVersionDate "2018.02.23"]
[SourceQuality "1"]

1. c4 e5 2. g3 Nf6 3. Bg2 d5 4. cxd5 Nxd5 5. Nf3 Nc6 6. 0-0 Be7 7. d4 e4 8. Ne5 Bf5 9. Nxc6 bxc6 10. Nc3 Nxc3 11. bxc3 0-0 12. Qa4 Qd5 13. Ba3 Bd6 14. e3 Qb5 15. Qxb5 cxb5 16. Bb2 Rab8 17. h3 1/2-1/2

[Event "Kemer Turkey Cup"]
[Site "Kemer"]
[Date "2014.02.02"]
[Round "3"]
[White "Samani, Yamac"]
[Black "Yalcin, Ozgun"]
[Result "1-0"]
[WhiteElo "1761"]
[BlackElo "1909"]
[PlyCount "55"]
[EventDate "2014.02.01"]
[EventType "swiss"]
[EventRounds "9"]
[EventCountry "TUR"]
[SourceTitle "CBM 158 Extra"]
[Source "ChessBase"]
[SourceDate "2014.02.28"]
[SourceVersion "1"]
[SourceVersionDate "2014.02.28"]
[SourceQuality "1"]

1. e4 c5 2. Nf3 d6 3. d4 cxd4 4. Nxd4 Nf6 5. Nc3 a6 6. Be3 e6 7. f3 b5 8. Qd2 Nbd7 9. 0-0-0 Bb7 10. g4 Nb6 11. Qf2 Nfd7 12. Bd3 Rc8 13. Nce2 Nc4 14. Bxc4 Rxc4 15. Kb1 Be7 16. h4 Qa8 17. g5 Ne5 18. Rhg1 0-0 19. h5 Qc8 20. Rc1 Rc7 21. b3 Nc6 22. Nxc6 Bxc6 23. Qh2 e5 24. Ng3 d5 25. Nf5 Ba3 26. Qxe5 f6 27. gxf6 Re8 28. Nh6+ 1-0

[Event "Gebze op"]
[Site "Gebze"]
[Date "2013.10.04"]
[Round "4"]
[White "Satici, Aydin"]
[Black "Yalcin, Ozgun"]
[Result "1-0"]
[WhiteElo "1844"]
[BlackElo "1915"]
[PlyCount "111"]
[EventDate "2013.10.03"]
[EventType "swiss"]
[EventRounds "7"]
[EventCountry "TUR"]
[SourceTitle "CBM 157 Extra"]
[Source "ChessBase"]
[SourceDate "2013.12.19"]
[SourceVersion "1"]
[SourceVersionDate "2013.12.19"]
[SourceQuality "1"]

1. Nf3 c5 2. g3 g6 3. Bg2 Bg7 4. c4 Nc6 5. Nc3 e5 6. 0-0 Nge7 7. Ne1 0-0 8. Nc2 d6 9. Ne3 Be6 10. d3 Rb8 11. Rb1 a6 12. a3 b5 13. cxb5 axb5 14. b4 cxb4 15. axb4 d5 16. Nc2 Rb6 17. Bb2 Qd6 18. Ba1 Ra8 19. e3 h6 20. Qd2 Qd7 21. Ne2 Bh3 22. Nc1 Bxg2 23. Kxg2 Ra4 24. Nb3 d4 25. Nc5 Qa7 26. Nxa4 Qxa4 27. e4 f5 28. f4 exf4 29. gxf4 Qa8 30. Kg1 Ra6 31. Bb2 Ra2 32. Ra1 Kh7 33. Na3 Rxa1 34. Rxa1 Qb7 35. Rc1 Nd8 36. Qg2 Ne6 37. Rf1 Qb8 38. e5 g5 39. fxg5 hxg5 40. Bc1 Kg6 41. Bxg5 Nxg5 42. h4 Qxe5 43. Qxg5+ Kf7 44. Nc2 Bf6 45. Qh5+ Kf8 46. Qh6+ Kf7 47. Qh5+ Kf8 48. Qh6+ Kf7 49. Qf4 Qe2 50. Nxd4 Qxd3 51. Nf3 Nd5 52. Ne5+ Bxe5 53. Qxe5 Ne3 54. Ra1 Ng4 55. Ra7+ Kg6 56. Qg7+ 1-0

[Event "Gebze op"]
[Site "Gebze"]
[Date "2013.10.04"]
[Round "3"]
[White "Yalcin, Ozgun"]
[Black "Ozalp, Burak"]
[Result "0-1"]
[WhiteElo "1915"]
[BlackElo "2045"]
[PlyCount "126"]
[EventDate "2013.10.03"]
[EventType "swiss"]
[EventRounds "7"]
[EventCountry "TUR"]
[SourceTitle "CBM 157 Extra"]
[Source "ChessBase"]
[SourceDate "2013.12.19"]
[SourceVersion "1"]
[SourceVersionDate "2013.12.19"]
[SourceQuality "1"]

1. c4 Nf6 2. g3 c6 3. Bg2 d5 4. Nf3 g6 5. b3 Bg7 6. Bb2 0-0 7. 0-0 Nbd7 8. d3 Re8 9. Nbd2 e5 10. e4 d4 11. b4 a5 12. a3 Qb6 13. Qb3 a4 14. Qc2 c5 15. b5 Qd6 16. Nh4 Nh5 17. Bh3 b6 18. Rae1 Bb7 19. Bc1 Nf8 20. Ndf3 Ra7 21. Bg4 Nf6 22. Bh3 Nh5 23. Bg4 Nf6 24. Bh3 Ba8 25. Bd2 Kh8 26. Qd1 Ng8 27. Ng2 Bh6 28. Nfh4 Bxd2 29. Qxd2 f6 30. f4 Rg7 31. Qd1 Ra7 32. Qd2 Rg7 33. Qd1 Qc7 34. Nf3 g5 35. fxg5 fxg5 36. Bf5 Ne7 37. Nd2 Bb7 38. Qxa4 Nxf5 39. Rxf5 Bc8 40. Rf2 Bg4 41. Ref1 Ne6 42. Nf3 Reg8 43. Qc2 h5 44. Nfe1 h4 45. Rf6 h3 46. Qf2 Kh7 47. Nc2 hxg2 48. Qxg2 Qe7 49. h3 Nf4 50. R6xf4 gxf4 51. hxg4 Rxg4 52. Kf2 Rxg3 53. Rh1+ Kg7 54. Qh2 Qg5 55. Qh7+ Kf8 56. Ne1 Re3 57. Qh6+ Kf7 58. Qxg5 Rxg5 59. Rh7+ Ke8 60. Rh6 Rgg3 61. Rxb6 Rh3 62. Rc6 f3 63. b6 Re2+ 0-1

[Event "Istanbul op-A 11th"]
[Site "Istanbul"]
[Date "2012.09.08"]
[Round "9"]
[White "Ozdemir, Timur"]
[Black "Yalcin, Ozgun"]
[Result "0-1"]
[WhiteElo "2089"]
[BlackElo "1861"]
[PlyCount "80"]
[EventDate "2012.08.30"]
[EventType "swiss"]
[EventRounds "9"]
[EventCountry "TUR"]
[SourceTitle "CBM 150 Extra"]
[Source "ChessBase"]
[SourceDate "2012.10.19"]
[SourceVersion "1"]
[SourceVersionDate "2012.10.19"]
[SourceQuality "1"]

1. d4 Nf6 2. Nf3 c5 3. e3 g6 4. Bd3 Bg7 5. 0-0 0-0 6. Nbd2 b6 7. c3 d5 8. dxc5 bxc5 9. e4 e6 10. exd5 exd5 11. Be2 Nbd7 12. Nb3 Bb7 13. Be3 Qc7 14. Qd2 Ne4 15. Qc2 a5 16. a4 Bc6 17. Nfd2 Nxd2 18. Qxd2 Qb6 19. Ra3 Bxa4 20. Qxd5 Bc6 21. Qc4 a4 22. Nxc5 Qxb2 23. Bc1 Qb8 24. Nxd7 Bxd7 25. Bf3 Bb5 26. Qb4 Bxf1 27. Bxa8 Qxa8 28. Kxf1 Qd5 29. Qxa4 Qd3+ 30. Kg1 Rd8 31. g3 Qf3 32. Be3 Rd1+ 33. Qxd1 Qxd1+ 34. Kg2 Qd5+ 35. Kg1 h5 36. h3 Qc4 37. Ra8+ Kh7 38. Bd4 Bxd4 39. cxd4 Qxd4 40. Re8 Qd7 0-1

[Event "Istanbul op-A 11th"]
[Site "Istanbul"]
[Date "2012.09.04"]
[Round "5"]
[White "Yalcin, Ozgun"]
[Black "Amgalanbaatar, Ravdanlkhumbuu"]
[Result "1/2-1/2"]
[WhiteElo "1861"]
[BlackElo "2115"]
[PlyCount "146"]
[EventDate "2012.08.30"]
[EventType "swiss"]
[EventRounds "9"]
[EventCountry "TUR"]
[SourceTitle "CBM 150 Extra"]
[Source "ChessBase"]
[SourceDate "2012.10.19"]
[SourceVersion "1"]
[SourceVersionDate "2012.10.19"]
[SourceQuality "1"]

1. c4 c5 2. g3 f5 3. Bg2 Nf6 4. Nc3 Nc6 5. Nf3 g6 6. 0-0 Bg7 7. d3 0-0 8. a3 h6 9. Nh4 Kh7 10. f4 Rb8 11. Rb1 a5 12. e3 b6 13. Nf3 Bb7 14. d4 cxd4 15. exd4 Na7 16. d5 Nc8 17. h3 Nd6 18. Ne5 Qc7 19. Qd3 Ba6 20. Nb5 Nxb5 21. cxb5 Qc5+ 22. Be3 Qxb5 23. Qxb5 Bxb5 24. Rfc1 d6 25. Nc6 Rb7 26. b4 a4 27. Nd4 Bd3 28. Ra1 Ne4 29. Rd1 Bc4 30. Ne6 Re8 31. Nxg7 Kxg7 32. Bxe4 fxe4 33. Rac1 b5 34. Kf2 Rf8 35. Bd4+ Kh7 36. Bb2 Rbb8 37. Ke3 Bd3 38. Rc7 Rf7 39. Rdc1 Rbf8 40. Rd7 g5 41. Rcc7 gxf4+ 42. gxf4 Rxf4 43. Rxe7+ Kg6 44. Re6+ Kh5 45. Rh7 Rf3+ 46. Kd4 R8f6 47. Bc1 Kh4 48. Rxh6+ Rxh6 49. Rxh6+ Kg3 50. Rxd6 Kf2 51. Re6 Rxh3 52. d6 Bc4 53. Rxe4 Rd3+ 54. Kc5 Rd5+ 55. Kc6 Rd3 56. Rf4+ Kg3 57. d7 Be6 58. Kxb5 Bxd7+ 59. Kb6 Rd6+ 60. Kc7 Rd1 61. Rc4 Kf3 62. Kb6 Be6 63. Rc7 Rd3 64. Ka7 Rb3 65. Kb6 Rd3 66. Ka5 Bd7 67. Rc5 Ke4 68. b5 Kd4 69. Rc7 Ke5 70. Kxa4 Rd5 71. Rb7 Kd6 72. Ka5 Rxb5+ 73. Rxb5 Bxb5 1/2-1/2